书目信息 |
| 题名: |
仿真试题精解
|
|
| 作者: | 王湘云 主编 | |
| 分册: | ||
| 出版信息: | 大连 大连理工大学出版社 1998.07 |
|
| 页数: | 370页 | |
| 开本: | 32开 | |
| 丛书名: | ||
| 单 册: | ||
| 中图分类: | H31-44 | |
| 科图分类: | ||
| 主题词: | 英语 | |
| 电子资源: | ||
| ISBN: | 7-5611-1494-X | |
| 000 | 00548nam0 2200193 45 | |
| 001 | 0005160953 | |
| 005 | 20000516094714.5 | |
| 010 | @a7-5611-1494-X@d12.00元 | |
| 100 | @a20000516d1998 km y0chiy0120 ea | |
| 101 | @achi | |
| 105 | @a z 000yy | |
| 200 | 1 | @a仿真试题精解@AFang Zhen Shi Ti Jing Jie@f王湘云主编@FWang Xiang Yun Zhu Bian |
| 210 | @a大连@c大连理工大学出版社@d1998.07 | |
| 215 | @a370页@d32开 | |
| 606 | 0 | @a英语 |
| 690 | @aH31-44@v3 | |
| 701 | @a王湘云@4主编 | |
| 801 | @aCN@bPftUser@c20000516 | |
| 905 | @f2@b55131-132@dH31-44@eW928 | |
| 仿真试题精解/王湘云主编.-大连:大连理工大学出版社,1998.07 |
| 370页;32开 |
| ISBN 7-5611-1494-X:12.00元 |
| ● |
| 相关链接 |
|
|
|
正题名:仿真试题精解
索取号:H31-44/W928
 
预约/预借
| 序号 | 登录号 | 条形码 | 馆藏地/架位号 | 状态 | 备注 |
| 1 | 55131 | 200551312 | 语言库209/209语言库 94排2列3层/ [索取号:H31-44/W928] | 在馆 | |
| 2 | 55132 | 200551321 | 语言库209/209语言库 94排2列3层/ [索取号:H31-44/W928] | 在馆 |